000 00764cab a2200217 4500
001 ABS37538
008 090401t1987 xxu||||| |||| 00| 0 eng d
035 _a(Sirsi) u5139
041 _aeng
100 _aGronow, S.
245 _aInformation technology and building society valuations
260 _c1987
350 _a0
490 _aValuer (ISVA)
_v56(2) March 1987, 58 (1)
520 _aConsiders the ways in which computers can help valuers, with particular reference to databases, statistical packages such as Multiple Regression Analysis (MRA), spreadsheets , word processors and combined packages and expert systems .
650 _aValuation
_96273
690 _aPRACTICE AND TECHNIQUES
700 _aScott, I.
942 _n0
948 _c04/03/1997
999 _c3078
_d3078